000 00372pab a2200157 454500
008 180718b2014 xxu||||| |||| 00| 0 eng d
100 _aBaxter, Matthew H.
245 _aThe run of the river: Water, politics, and Asia
260 _c2014
300 _ap.611-620.
362 _aJul-Aug
650 _aWater
773 _aAsian Survey
908 _aN
909 _a105909
999 _c105904
_d105904